MotoGP - Helme und Lederkombis - Statistiken

Allgemein
  • Dieses Quiz wurde 15 mal gespielt
  • Das Durchschnittsergebnis liegt bei 29 aus 44
Antwortstatistiken
Fahrer Antwort % Korrekt
Marc Márquez Alpinestars
86%
Pecco Bagnaia Alpinestars
86%
Álex Márquez Alpinestars
86%
Fabio Di Giannantonio Alpinestars
86%
Jorge Martín Alpinestars
86%
Jorge Martín Alpinestars
86%
Pedro Acosta Alpinestars
86%
Pedro Acosta Alpinestars
86%
Enea Bastianini Alpinestars
86%
Maverick Viñales Alpinestars
86%
Diogo Moreira Alpinestars
86%
Fabia Quartararo Alpinestars
86%
Jack Miller Alpinestars
86%
Jack Miller Alpinestars
86%
Toprak Razgatlıoğlu Alpinestars
86%
Marc Márquez Shoei
86%
Álex Márquez Shoei
86%
Fabio Di Giannantonio Shoei
86%
Toprak Razgatlıoğlu Shoei
86%
Fermín Aldeguer Dainese
79%
Franco Morbidelli Dainese
79%
Marco Bezzecchi Dainese
79%
Luca Marini Dainese
79%
Joan Mir Dainese
79%
Franco Morbidelli AGV
71%
Marco Bezzecchi AGV
71%
Luca Marini AGV
71%
Brad Binder HJC
71%
Fabio Quartararo HJC
71%
Raúl Fernández Shark
71%
Johann Zarco Shark
71%
Pecco Bagnaia Suomy
57%
Ai Ogura Arai
43%
Maverick Viñales Arai
43%
Fermín Aldeguer LS2
43%
Brad Binder Ixon
36%
Álex Rins Ixon
36%
Enea Bastianini KYT
36%
Diogo Moreira KYT
36%
Álex Rins Scorpion
36%
Joan Mir Kabuto
21%
Raúl Fernández REV'IT!
14%
Johann Zarco Furygan
7%
Ai Ogura Kushitani
0%
Keine übereinstimmenden Quizze gefunden
Verteilung der Resultate
Anzahl Personen mit jedem Resultat
Perzentil nach korrekt beantworteten Fragen
Ihre Resultats-Entwicklung
Sie haben dieses Quiz noch nicht gespielt